| 000 | 00346nam a22001217a 4500 | ||
|---|---|---|---|
| 999 |
_c2839 _d2839 |
||
| 005 | 20200924150107.0 | ||
| 008 | 200924b ||||| |||| 00| 0 eng d | ||
| 020 | _a549201 | ||
| 040 | _cCML | ||
| 245 |
_aThe New Law of Education. _cTaylor, G. |
||
| 260 |
_aLondon _bButter Worths _c1965 |
||
| 942 |
_2ddc _cBK _eSixth Edition _h344 _mTAY |
||